Normal view MARC view
  • Philosophy, Chinese.

Entry Topical Term

Number of records used in: 2

001 - CONTROL NUMBER

  • control field: 14251

003 - CONTROL NUMBER IDENTIFIER

  • control field: NUST

005 - DATE AND TIME OF LATEST TRANSACTION

  • control field: 20190427102738.0

008 - FIXED-LENGTH DATA ELEMENTS

  • fixed length control field: 190427|| aca||aabn | a|a d

040 ## - CATALOGING SOURCE

  • Original cataloging agency: NUST
  • Transcribing agency: NUST

150 ## - HEADING--TOPICAL TERM

  • Topical term or geographic name entry element: Philosophy, Chinese.

670 ## - SOURCE DATA FOUND

  • Source citation: Work cat.: (NUST)0: Chan, Wing-tsit, 1901-1994, comp. and tr. 14250, A source book in Chinese philosophy., 1963.
© 2023 Central Library, National University of Sciences and Technology. All Rights Reserved.